| 000 | 03396cam a2200505 a 4500 | ||
|---|---|---|---|
| 001 | ocn419795723 | ||
| 003 | OCoLC | ||
| 005 | 20131004062744.0 | ||
| 008 | 090707s2009 nyua 001 0 eng | ||
| 010 | _a 2009027061 | ||
| 040 |
_aDLC _beng _cDLC _dYDX _dBTCTA _dUKM _dYDXCP _dCDX _dRRP _dOCLCF _dOCLCO |
||
| 015 |
_aGBA989077 _2bnb |
||
| 016 | 7 |
_a015366660 _2Uk |
|
| 020 | _a9781607416685 (hbk.) | ||
| 020 | _a1607416689 (hbk.) | ||
| 029 | 1 |
_aAU@ _b000044475938 |
|
| 029 | 1 |
_aNZ1 _b13630538 |
|
| 035 | _a(OCoLC)419795723 | ||
| 042 | _apcc | ||
| 050 | 0 | 0 |
_aHV6493 _b.V568 2009 |
| 082 | 0 | 0 |
_a365/.4 _222 |
| 049 | _aTZAA | ||
| 245 | 0 | 0 |
_aViolent crime and prisons : _bpopulation, health conditions and recidivism / _cAidan Renshaw and Emelina Suárez, editors. |
| 260 |
_aHauppauge, NY : _bNova Science Publishers, _cc2009. |
||
| 300 |
_axii, 302 p. : _bill. (some col.) ; _c26 cm. |
||
| 490 | 1 | _aCriminal justice, law enforcement and corrections series | |
| 500 | _aIncludes index. | ||
| 504 | _aIncludes bibliographical references and index. | ||
| 505 | 0 | _aExtreme temperature as a cause of violence / John Simister and Cary Cooper -- Understanding experiences of incarcerated adolescent male youth: the importance of a develomental framework / Carla Cesaroni and Michele Peterson-Badali -- Unity building as violence prevention: a call for a fundamental paradigm shift / H.B. Danesh -- Interpersonal skills: effects of a training program on quantitative and qualitative response criteria in incarcerated women criminals / Maria Angeles Belena, Maria Jose Baguena and Maria de la Paz Toldos -- Social order in post-communist prisons: the study of prisons in Poland / Barbat Pabjan -- Violence and college students -- prevalence, legal and psychological issues / Dean Lauterbach and Natalie K. Nugent -- Violent crime on television: content and impact / Amir Hetsroni -- Psychopathy and violence: parsing the heterogeneity of aggression and aggressors / Shayen Jones, James Ray and Casey Williams -- Effects of sex and status difference of taget and aggressor on adolescents' assessment of the target in scenarios of aggression / Mario de la Paz Toldos-Romero -- Love, warmth and sexual gratification or, rather, manipulation of power and abuse: female inmates' attitudes toward same-sex sexual relationships in a maximum-security prison / Tomer Einat -- Women and the pains of imprisonment: does gender matter? / Olga Themeli -- HIV-positive prisoners and institutional segregation: a legal and health analysis / Bronwen Lichtenstein -- Counseling in prison: problems and challenges / Theodoros Giovazolias and Olga Themeli -- Using arts therapies with prisoners from drug addiction / L. Schiltz. | |
| 650 | 0 | _aViolent crimes. | |
| 650 | 0 | _aPrisons. | |
| 650 | 0 |
_aPrisoners _xHealth and hygiene. |
|
| 650 | 0 | _aRecidivism. | |
| 650 | 7 |
_aPrisoners _xHealth and hygiene. _2fast _0(OCoLC)fst01077147 |
|
| 650 | 7 |
_aPrisons. _2fast _0(OCoLC)fst01077326 |
|
| 650 | 7 |
_aRecidivism. _2fast _0(OCoLC)fst01091365 |
|
| 650 | 7 |
_aViolent crimes. _2fast _0(OCoLC)fst01167321 |
|
| 700 | 1 | _aRenshaw, Aidan. | |
| 700 | 1 | _aSuárez, Emelina. | |
| 830 | 0 | _aCriminal justice, law enforcement and corrections. | |
| 938 |
_aBaker and Taylor _bBTCP _nBK0008444984 |
||
| 938 |
_aYBP Library Services _bYANK _n3065720 |
||
| 938 |
_aCoutts Information Services _bCOUT _n10457791 |
||
| 994 |
_aC0 _bTZACH |
||
| 999 |
_c2797 _d2797 |
||